LEADER 01130nam a2200253 i 4500 001 000000132296 003 CaOOAMICUS 005 20250704093349.0 008 041206n it u000 u ita u 040 $aSeMil$bita 245 00$aSaggio di bibliografia romana :$baprile 1945 - aprile 1946 /$ca cura di Ceccarius. 264 1$aRoma :$bStaderini,$c[1946] 300 $a34 p. ;$c21 cm. 490 1 $aCollana dei romanisti 500 $aIn mezzo al front.: estratto dalla «Strenna dei Romanisti», 1946. -- Esemplare n. 92 di 100 650 4$aRoma - Bibliografie.$0(OLS)http://semarc/subject/58064 700 1 $aCeccarius.$0(OLS)http://semarc/name/41597 830 0$aCollana dei romanisti.$0(OLS)http://semarc/title/16765 850 $aSeMil 852 $aSeMil$W1$xVenegono$y1$m5B III 71/22$j260105$B86213$CSeMilBibl$Z2$F89985 $81 961 $aDedica autografa del curatore a S.E. il Card. Schuster. 996 $6245$aSaggio di bibliografia romana :$baprile 1945 - aprile 1946$9(OLS)http://semarc/title/194390 996 $6264$aRoma :$bStaderini$9(OLS)http://semarc/publisher/33485 LEADER 00838nam a2200217 i 4500 001 000000205410 003 CaOOAMICUS 005 20110822000000.0 008 110822s1865 it u000 u ita u 013 $a184147 040 $aSeMil$bita 100 1 $aMamiani, Terenzio,$d<1779-1855>.$0(OLS)http://semarc/name/2788 245 10$aPrincipi di cosmologia. 300 $a993 p. 490 0 $aCollezione gialla 650 4$aCosmologia - Filosofia.$0(OLS)http://semarc/subject/3961 773 0 $aMamiani, Terenzio <1779-1855>$tConfessioni di un metafisico.$dFirenze : G. Barbčra, 1865.$g2$w()4372 830 0$aCollezione gialla.$0(OLS)http://semarc/title/31479 850 $aSeMil 852 $aSeMil$W1$xVenegono$y1$m1L IV 4 FA$j155904$B155904$CSeMilBibl$Z2$F167252 $8I 996 $6245$aPrincipi di cosmologia$9(OLS)http://semarc/title/297336